Enfrentando la globalización: respuestas sociales a la integración económica de México /
Shranjeno v:
| Glavni avtor: | |
|---|---|
| Drugi avtorji: | |
| Format: | Texto |
| Izdano: |
México, D.F.:
Red Mexicana de Acción Frente al Libre Comercio
|
| Teme: | |
| Oznake: |
Označite
Brez oznak, prvi označite!
|
MARC
| LEADER | 00000 a a2200000 04500 | ||
|---|---|---|---|
| 001 | 35115 | ||
| 003 | |||
| 040 | |||
| 090 | |a 0001 C284e | ||
| 100 | |a Carlsen, Laura | ||
| 245 | |a Enfrentando la globalización: respuestas sociales a la integración económica de México / |c Laura Carlsen | ||
| 260 | |a México, D.F.: |b Red Mexicana de Acción Frente al Libre Comercio | ||
| 300 | |a 273 p. | ||
| 650 | |a DEFORESTACION | ||
| 650 | |a COMUNIDADES RURALES | ||
| 650 | |a MOVIMIENTOS SOCIALES | ||
| 650 | |a PROTECCION AMBIENTAL | ||
| 650 | |a REPRESION | ||
| 650 | |a MEXICO | ||
| 700 | |a coord. |a Wise, Tim |a coord. |a Salazar, Hilda |a coord. | ||
| 999 | |c 7996 |d 7996 | ||
